书目信息 |
| 题名: |
射流元件入门
|
|
| 作者: | 原美明 , 尾崎省太郎 著 ;射流技术翻译组 译 | |
| 分册: | ||
| 出版信息: | 北京 科学出版社 1969 |
|
| 页数: | 153页 | |
| 开本: | 21cm | |
| 丛书名: | ||
| 单 册: | ||
| 中图分类: | TP61 | |
| 科图分类: | ||
| 主题词: | 射流元件 , 射流元件 , 气动射流元件 , 液动射流元件 | |
| 电子资源: | ||
| ISBN: | ||
| 000 | 00792nam0 2200289 45 980 | |
| 001 | 0659829859 | |
| 005 | 20060805163751.06 | |
| 010 | @dCNY0.50 | |
| 091 | @a15031.264 | |
| 100 | @a19970606d1969 em y0chiy0121 ea | |
| 101 | 1 | @achi@cjpn |
| 102 | @aCN@b110000 | |
| 105 | @afk z 000yy | |
| 106 | @ar | |
| 200 | 10 | @a射流元件入门@Ashe liu yuan jian ru men@f(日)尾崎省太郎等著 |
| 210 | @a北京@c科学出版社@d1969 | |
| 215 | @a153页@c表,图@d21cm | |
| 606 | @a射流元件 | |
| 606 | 0 | @a射流元件 |
| 606 | 0 | @a气动射流元件 |
| 606 | 0 | @a液动射流元件 |
| 690 | @aTP61@v3 | |
| 701 | 0 | @a原美明@f日@4著@Ayuan mei ming |
| 701 | 0 | @a尾崎省太郎@f日@4著@Awei qi sheng tai lang |
| 711 | 02 | @a射流技术翻译组@4译@Ashe liu ji shu fan yi zu |
| 801 | 0 | @c20060805 |
| 905 | @a10447@dTP61@e20 | |
| 射流元件入门/(日)尾崎省太郎等著 .-北京:科学出版社,1969 |
| 153页:表,图;21cm |
| ISBN :CNY0.50 |
| ● |
| 相关链接 |
|
|
|
|
正题名:射流元件入门
索取号:TP61/20
 
预约/预借
| 序号 | 登录号 | 条形码 | 馆藏地/架位号 | 状态 | 备注 |
| 1 | 0451652 | 204516522 | 密集书库/ [索取号:TP61/20] | 在馆 |